Colorectal carcinoma-the role of nitric oxide synthase (NOS) and cyclooxygenase (COX) in its pathogenesis /
محفوظ في:
| المؤلف الرئيسي: | |
|---|---|
| التنسيق: | أطروحة كتاب |
| اللغة: | English |
| منشور في: |
2000.
|
| الموضوعات: | |
| الوسوم: |
إضافة وسم
لا توجد وسوم, كن أول من يضع وسما على هذه التسجيلة!
|
| LEADER | 00886cam a2200229 a 4500 | ||
|---|---|---|---|
| 001 | u689380 | ||
| 003 | SIRSI | ||
| 008 | 920910s2000 si v 00 1 eng m | ||
| 035 | |a ACR-8424 | ||
| 040 | |a UMP | ||
| 096 | |a WO100 |b NUS 2000 Dam | ||
| 100 | 0 | 0 | |a Damayanti Zahar. |
| 245 | 1 | 0 | |a Colorectal carcinoma-the role of nitric oxide synthase (NOS) and cyclooxygenase (COX) in its pathogenesis / |c Damayanti Zahar. |
| 260 | 0 | |c 2000. | |
| 300 | |a xiii, 119 leaves ; |c 30 cm. | ||
| 502 | |a Dissertation (M.Sc.) -- Department of Surgery, National University of Singapore, Singapore, 2000. | ||
| 504 | |a Bibliography: leaves 94-119. | ||
| 650 | 2 | |a Colorectal Neoplasms. | |
| 710 | 2 | 0 | |a National University of Singapore. |b Dept. of Surgery. |
| 948 | |a 21/11/2001 |b 29/03/2004 | ||
| 596 | |a 2 | ||
| 999 | |a WO100 NUS 2000 DAM |w NLM |c 1 |i A503604648 |d 19/10/2005 |f 19/10/2005 |g 1 |l STACKS |m P02MEDKL |r Y |s Y |t TESIS |u 19/10/2005 | ||
